Catholic clothing - Statistics

General Stats
  • This quiz has been taken 15 times
  • The average score is 5 of 10
Answer Stats
Hint Answer % Correct

Poncho-like cover worn by the priest over other clothing

Chasuble
67%

Black or white lace veil worn by women meeting the pope

Mantilla
67%

Very wide and long white robe

Alb
58%

Heavy open cloak worn during processions

Cope
58%

Band of fabric hanging over the priest's left arm

Maniple
58%

That one's a Pokémon, not a Catholic item!

Cobalion
50%

Thin band of fabric worn around the pope's neck

Pallium
33%

White tunic, usually knee-length, often worn by altar boys

Surplice
33%

Thick shoulder cape, mostly used in the Middle Ages

Almuce
25%

Small striped shoulder cape sometimes worn by the pope

Fanon
0%
No matching quizzes found
Score Distribution
Percent of People with Each Score
Percentile by Number Answered
Your Score History
You have not taken this quiz